| 000 | 00791nam a2200169Ia 4500 | ||
|---|---|---|---|
| 001 | 23640 | ||
| 003 | GE_BSU | ||
| 008 | 181216s||||||||xx |||||||||||||| ||und|| | ||
| 040 | _cGE_BSU | ||
| 245 | _aსაპატრიარქოს უწყებანი 1-6 თებერვალი №4(864) 2018. | ||
| 245 | _bპატრიარქის ქადაგება,ქრონიკა, ინფორმაცია და სხვა. | ||
| 245 | _cრედ:დეკანოზი დავით შარაშენიძე და სხვა. | ||
| 653 | _aპერიოდიკა | ||
| 653 | _aრელიგია | ||
| 653 | _aსაპატრიარქოს უწყებანი 1-6 თებერვალი №4(864) 2018. | ||
| 942 | _cCR | ||
| 999 |
_c56526 _d56526 |
||